000 00629nam a22002177a 4500
008 131125b xxu||||| |||| 00| 0 eng d
020 _a9783708304441
041 0 _aeng
080 _a342.9
_x(436)
100 1 _aZeiler, Gerold
245 1 0 _aArbitration in Austria :
_cGerold Zeiler
250 _a2nd edition
260 _aWien :
_bNeuer wissenschaftlicher verlag ;
_c2007
300 _a123 f. :
_c22 cm.
500 _aPreface : f. 5
500 _aPreface to the 1st edition f. : 6-7
505 _aIncludes anex and index
650 0 _aArbitrazhi
_zAustri
700 1 _aSteindl, Barbara
942 _2udc
_cBK
999 _c350
_d350